书目信息 |
| 题名: |
西北师大逸事
|
|
| 作者: | 刘基 , 丁虎生 主编 | |
| 分册: | 下 | |
| 出版信息: | 沈阳 辽海出版社 2001 |
|
| 页数: | 249-496页 | |
| 开本: | 20cm | |
| 丛书名: | 中国著名学府逸事文丛 | |
| 单 册: | ||
| 中图分类: | G649.284.2 | |
| 科图分类: | ||
| 主题词: | 西北师范大学--校史 | |
| 电子资源: | ||
| ISBN: | 7-205-04970-9 | |
| 000 | 00742nam2 2200241 45 | |
| 001 | 0199070089 | |
| 005 | 20061220101746.09 | |
| 010 | @a7-205-04970-9@dCNY19.50 | |
| 100 | @a20050315d2001 em y0chiy0121 ea | |
| 101 | 0 | @achi |
| 102 | @aCN@b210000 | |
| 105 | @af z 000yd | |
| 200 | 1 | @a西北师大逸事@AXi Bei Shi Da Yi Shi@h下@HXia@f刘基,丁虎生主编@FLiu Ji, Ding Hu Sheng Zhu Bian |
| 210 | @a沈阳@c辽海出版社@d2001 | |
| 215 | @a249-496页@c照片@d20cm | |
| 225 | 2 | @a中国著名学府逸事文丛 |
| 410 | 0 | @12001 @a中国著名学府逸事文丛 |
| 606 | @a西北师范大学@y校史 | |
| 690 | @aG649.284.2@v4 | |
| 701 | 0 | @a刘基@ALiu Ji@4主编 |
| 701 | @a丁虎生@ADing Hu Sheng@4主编 | |
| 801 | 0 | @aCN@b中图数据@c20061220 |
| 905 | @a10447@dG649.284.2@e281:2 | |
| 西北师大逸事.下/刘基,丁虎生主编.-沈阳:辽海出版社,2001 |
| 249-496页:照片;20cm.-(中国著名学府逸事文丛) |
| ISBN 7-205-04970-9:CNY19.50 |
| ● |
| 相关链接 |
|
|
|
|
正题名:西北师大逸事
索取号:G649.284.2/281:2
 
预约/预借
| 序号 | 登录号 | 条形码 | 馆藏地/架位号 | 状态 | 备注 |
| 1 | 0622354 | 206223549 | 第一样本阅览室/ [索取号:G649.284.2/281:2] | 在馆 | |
| 2 | 0622355 | 206223558 | 第四借阅区/ [索取号:G649.284.2/281:2] | 在馆 | |
| 3 | 0622356 | 206223567 | 密集书库/ [索取号:G649.284.2/281:2] | 在馆 | |
| 4 | 0622357 | 206223576 | 第四借阅区/ [索取号:G649.284.2/281:2] | 在馆 | |
| 5 | 0622358 | 206223585 | 密集书库/ [索取号:G649.284.2/281:2] | 在馆 |